Optičeskaja zapis' informacii Sbornik naučnych trudov

Na minha lista:
Detalhes bibliográficos
Formato: Livro
Idioma:russo
Publicado em: Kijev Naukova dumka 1987
Edição:1. izd.
Tags: Adicionar Tag
Sem tags, seja o primeiro a adicionar uma tag!

MARC

LEADER 00000nam a2200000 4500
001 c040270
005 20260129114851.3
041 0 |a rus 
044 |a UA 
245 1 0 |a Optičeskaja zapis' informacii  |b Sbornik naučnych trudov 
250 |a 1. izd. 
264 1 |a Kijev  |b Naukova dumka  |c 1987 
300 |a 95 s.